RESEARCH METHODOLOGY AND STRATEGY (Record no. 216855)

MARC details
000 -LEADER
fixed length control field 00534nam a22001697a 4500
008 - FIXED-LENGTH DATA ELEMENTS--GENERAL INFORMATION
fixed length control field 260323b |||||||| |||| 00| 0 eng d
020 ## - INTERNATIONAL STANDARD BOOK NUMBER
International Standard Book Number 978-1394-190225
100 ## - MAIN ENTRY--PERSONAL NAME
Personal name ZOU, PATRICK X. W.
245 ## - TITLE STATEMENT
Title RESEARCH METHODOLOGY AND STRATEGY
Remainder of title THEORY AND PRACTICE
260 ## - PUBLICATION, DISTRIBUTION, ETC.
Place of publication, distribution, etc. HOBOKEN, USA
Name of publisher, distributor, etc. JOHN WILEY AND SONS
Date of publication, distribution, etc. 2023
300 ## - PHYSICAL DESCRIPTION
Extent XV, 239P
500 ## - GENERAL NOTE
General note INCLUDES INDEX
650 ## - SUBJECT ADDED ENTRY
Topical term or geographic name entry element 1. RESEAARCH METHODOGY - TEXTBOOKS 2. SOCIAL SCIENCES - RESEARCH- TEXTBOOKS
700 ## - ADDED ENTRY--PERSONAL NAME
Personal name XU, XIAOXIAO
942 ## - ADDED ENTRY ELEMENTS (KOHA)
Source of classification or shelving scheme Library of Congress Classification
Koha item type Long Loan Book
Holdings
Withdrawn status Lost status Source of classification or shelving scheme Damaged status Not for loan Collection Home library Current library Shelving location Date acquired Inventory number Total checkouts Full call number Barcode Date last seen Copy number Price effective from Koha item type
    Library of Congress Classification     Arts & Social Sciences Kisii University Library Kisii University Library On Display 03/23/2026 112510   H 62 .Z68 2023 A000940 03/23/2026 1 03/23/2026 Long Loan Book
    Library of Congress Classification     Arts & Social Sciences Kisii University Library Kisii University Library On Display 03/23/2026 112511   H 62 .Z68 2023 A000938 03/23/2026 2 03/23/2026 Long Loan Book
    Library of Congress Classification     Arts & Social Sciences Kisii University Library Kisii University Library On Display 03/23/2026 112512   H 62 .Z68 2023 A000936 03/23/2026 3 03/23/2026 Long Loan Book
    Library of Congress Classification     Arts & Social Sciences Kisii University Library Kisii University Library On Display 03/23/2026 112513   H 62 .Z68 2023 A000933 03/23/2026 4 03/23/2026 Long Loan Book